000 00746nam a2200253 a 4500
001 56631
003 BD-RjUL
005 20211209080422.0
008 161203s1964 n 000 0 eng u
035 _a(BD-RjUL)56755
040 _aWSU
_dOCL
_dUKM
_dBD-RjUL
_beng
_cBD-RjUL
041 _aeng
082 _a160
_223
_bFIM 1964
090 _aBC71
_b.F5
100 1 _aFisk, Milton.
_9168444
245 1 2 _aA modern formal logic /
_cMilton Fisk
260 _aEnglewood Cliffs, N.J :
_bPrentice-Hall,
_cc1964
300 _a116 p. ;
_c22 cm.
490 1 _aPrentice-Hall fundamentals of logic series
504 _aIncludes bibliographies
650 0 _aLogic
_9168445
830 0 _aPrentice-Hall fundamentals of logic series
_9168446
942 _2ddc
_cBK
999 _c56631
_d56631